00735nam a2200205Ia 4500003000900000008004100009020002200050040001600072080001600088100002500104245011500129260003200244300001500276650002800291650003200319650002800351942000700379999001700386952012600403IN-BaIIA211028s9999 xx 000 0 eng d a978-0-393-06293-9 cIIA Library a92:530bOHA aOhanian, H. C933165 0aEinstein's mistakesbthe human failings of geniuscH. C Ohanian  aNew YorkbW. W Nortonc2008 axix, 394p. aPhysics - History92469 aPhysics - Philosophy913218 aScience - History92970 cBK c17546d17546 00104070aBANbBANcGENd2009-11-19g4642.65l0o92:530/ OHAp18468r2021-11-05v4642.65w2009-11-19yBKGRs. 4642.65